01220cam a2200337 45000010006000000050017000060900010000230950017000331000041000501010008000911020007000991050018001061060006001249300010001306750019001406750030001596750030001897000041002197020024002602000055002842100036003392150027003752250024004028010016004269900011004429950085004539950085005389950086006239950087007099950086007962828120220405165302.0 a28281 aPTBN00271214 a20070904d1982 c y0pory5003 ba0 apor aPT aa z 000fy ar lBECRE a087.5vBNzpor a821.134.3-93"19"vBNzpor a821.134.3-34"19"vBNzpor 1aSoares,bLuísa Ducla,f1939-92431 1aAmaral,bPaula44401 aO dragãofLuísa Ducla Soaresgil. Paula Amaral aLisboacLivros Horizonte,d1982 a30, [2] p.cil.d23 cm2 aPássaro livrev24 0aPTbBNgRPC cLIVROS 0010938935bBECEVIAdBECEVIAf925BVk087.5 SOAo0rLIVROSaBECEVIAcBECEVIAq18 0010938936bBECEVIAdBECEVIAf926BVk087.5 SOAo0rLIVROSaBECEVIAcBECEVIAq18 0010938937bBECEVIAdBECEVIAf1275BVk087.5 SOAo0rLIVROSaBECEVIAcBECEVIAq18 0010938938bBECEVIAdBECEVIAf1276BVk087.5 SOA o0rLIVROSaBECEVIAcBECEVIAq18 0010938939bBECEVIAdBECEVIAf1277BVk087.5 SOAo0rLIVROSaBECEVIAcBECEVIAq18